Top 30 J. Cole Songs - Statistics

General Stats
  • This quiz has been taken 33 times
  • The average score is 6 of 30
Answer Stats
# Song Rating % Correct
5. No Role Modelz 93
79%
1. 4 Your Eyez Only 97
62%
22. Love Yourz 89
52%
6. Change 93
48%
21. m y . l i f e 90
48%
13. 39 Intro 91
45%
25. MIDDLE CHILD 89
45%
30. January 28th 88
34%
11. SAFETY 91
34%
19. I Love Her Again 90
31%
14. The Fall-Off is Inevitable 91
21%
3. Under the Sun 94
21%
7. Too Deep for the Intro 93
17%
26. Villematic 89
14%
16. Before I'm Gone 91
10%
20. Dead Presidents II 90
10%
12. Home Soon 91
10%
2. Johnny P's Caddy 95
10%
24. Sacrifices 89
10%
15. Winter Wonderland 91
10%
9. Down Bad 92
7%
10. Off Deez 92
7%
17. Judgement Day 90
3%
29. Keep Heaven Dancing 88
3%
27. 99 BUILD FREESTYLE 88
0%
8. Die Together 92
0%
18. Farewell 90
0%
23. Kenny Lofton 89
0%
28. Stick 88
0%
4. The Secret Recipe 93
0%
No matching quizzes found
Score Distribution
Percent of People with Each Score
Percentile by Number Answered
Your Score History
You have not taken this quiz